000 00331nam a2200121Ia 4500
008 190216s9999||||xx |||||||||||||| ||und||
100 _aMaman Varghese
245 0 _a"Manorama Year Book 1967,1976,1977,1979,1980,1989"
260 _bManorama Publishing House
_c1967
300 _a590p
650 _aGeneral Collections
942 _cREF
999 _c35336
_d35336